00910nam a2200205 a 450000100100000000500170001000800410002704000250006808200160009310000260010924500420013526000380017730000200021550400280023504900090026395201870027295201140045995201140057399900170068700003492520200930074005.0111021s1969 xxk 000 0 spa d aDO-SdBNPbspacBNPHU axxxxbM821p1 aMoore, Will G.96049410aP. Corneille Horace /cWill G. Moore. aLondon :bBasil Blackwell,c1969. a74 p. ;c19 cm. aBibliografía : p. 67. aBNGR 001050718MOaGRbGRcCTd2011-10-21iLF1l0oxxxx M821pp34925-10r2020-06-25w2020-06-25y1zPerteneció a la biblioteca personal de Juan Isidro Jimenes GrullónZNo se presta 001050718MOaGRbGRcHDd2011-10-21iLF1l0oxxxx M821pp34926-10r2020-06-25w2020-06-25y1ZNo se presta 001050718RVaPDbPDcHDd2011-10-21iLF1l0oxxxx M821pp34927-10r2020-06-25w2020-06-25y1ZNo se presta c34416d34416